000 00708cas a2200265 a 4500
001 11396271
005 20180223094632.0
008 890511u1984uuuunr uu p 0 0eng c
010 _asf 92091756
_zsn 89022961
035 _a(OCoLC)ocm19695572
040 _aFU
_beng
_cFU
_dNST
_dDLC
_dOCoLC
_dDLC
_dOCoLC
041 _aeng
042 _apcc
043 _af-nr---
080 _a370 joh
100 _a48
101 _aedu
245 0 0 _aPhysical health education and recreation
246 3 0 _aPHERJ
362 0 _aVol. 1, no. 1 (Mar. 1984)-
590 _aSERBIB/SERLOC merged record
906 _a7
_bcbc
_cserials
_du
_encip
_f19
_gn-oclcserc
942 _2ddc
_cBK
999 _c43331
_d43331